00525nam a22001097a 4500040000800000082002700008100002100035245021800056260002600274300002800300856008700328 cRUA aAGR HEA 2009 B042 Or.1 aHEANG, CHANTHOU. acoconut potential in kus commune tramkak district takeo province (សក្តានុពលដំណាំដូងនៅឃុំគុស ស្រុកត្រាំកក់ ខេត្តតាកែវ) aPhnom PenhbRUAc2009 axiii, 71p.bill.c29cm. uhttps://drive.google.com/file/d/10cpef2OAtHlPKJFdpbLNl3LAw95W0DRz/view?usp=sharing